Teoría del lenguaje

Salvato in:
Dettagli Bibliografici
Autore principale: Buhler, Karl
Natura: Libro
Lingua:spagnolo
Pubblicazione: Madrid Revista de Occidente 1950
Soggetti:
Tags: Aggiungi Tag
Nessun Tag, puoi essere il primo ad aggiungerne!!

MARC

LEADER 00000nam a22000005a 4500
003 CL-ChBUA
005 20120815091444.0
008 071218s1950 sp ||||| |||| 000 ||spa
040 |a CL-ChBUA  |c CL-ChBUA 
082 0 0 |a 401 
090 |c 22673  |d 22673 
100 1 |a Buhler, Karl 
245 1 0 |a Teoría del lenguaje 
260 |a Madrid  |b Revista de Occidente  |c 1950 
300 |a 489 p.  |c 22 cm. 
504 |a Indice 
650 4 |a TEORIA DEL LENGUAJE 
942 |c LIB 
952 |0 0  |1 0  |2 ddc  |4 0  |6 401_000000000000000_B_931_1950  |7 0  |9 54878  |a UNACH  |b UNACH  |c 400  |d 2007-12-18  |i 37.860  |l 0  |o 401 / B 931 1950  |p 55965  |r 2016-04-18 00:00:00  |u 54878  |w 2012-08-08  |y LIB 
999 |c 22673  |d 22673